Statistics for 2019 ICC Cricket World Cup Dream XI

Click here to take the quiz!

General Stats

  • This quiz has been taken 235 times
  • The average score is 9 of 12

Answer Stats

Role (TEAM)Player% Correct
Opening Batsman (AUS)David Warner
97%
Middle-order Batsman & Captain (NZ)Kane Williamson
96%
Opening Batsman (IND)Rohit Sharma
96%
All-rounder (ENG)Ben Stokes
87%
Left-arm Fast Bowler (AUS)Mitchell Starc
85%
Middle-order Batsman & Wicket Keeper (IND)MS Dhoni
84%
Right-arm Fast Bowler (ENG)Jofra Archer
81%
Right-arm Fast Bowler (IND)Jasprit Bumrah
78%
All-rounder (BAN)Shakib ul-Hasan
75%
Left-arm Fast Bowler (PAK)Shaheen Shah Afridi
63%
Middle-order Batsman (IND) (WK)Virat Kohli
58%
Coach (ENG)Trevor Bayliss
30%

Score Distribution

Percentile by Number Answered

Percent of People with Each Score

Your Score History

You have not taken this quiz